10th International Symposium on High-Temperature Metallurgical Processing / (Record no. 2330)

000 -LEADER
fixed length control field 02194cam a22005055i 4500
003 - CONTROL NUMBER IDENTIFIER
control field OSt
005 - DATE AND TIME OF LATEST TRANSACTION
control field 20210708081647.0
008 - FIXED-LENGTH DATA ELEMENTS--GENERAL INFORMATION
fixed length control field 190212s2019 gw |||| o |||| 0|eng
020 ## - INTERNATIONAL STANDARD BOOK NUMBER
International Standard Book Number 9783030059552
040 ## - CATALOGING SOURCE
Transcribing agency DLC
050 ## - LIBRARY OF CONGRESS CALL NUMBER
Classification number TS155
Item number .H37 2001
072 #7 - SUBJECT CATEGORY CODE
Subject category code TEC021000
Source bisacsh
072 #7 - SUBJECT CATEGORY CODE
Subject category code TGMT
Source bicssc
072 #7 - SUBJECT CATEGORY CODE
Subject category code TGMT
Source thema
245 00 - TITLE STATEMENT
Title 10th International Symposium on High-Temperature Metallurgical Processing /
Statement of responsibility, etc. edited by Tao Jiang, Jiann-Yang Hwang, Dean Gregurek, Zhiwei Peng, Jerome P. Downey, Baojun Zhao, Onuralp Yücel, Ender Keskinkilic, Rafael Padilla.
250 ## - EDITION STATEMENT
Edition statement 1st ed. 2019.
264 #1 - PRODUCTION, PUBLICATION, DISTRIBUTION, MANUFACTURE, AND COPYRIGHT NOTICE
Place of production, publication, distribution, manufacture Cham :
Name of producer, publisher, distributor, manufacturer Springer International Publishing :
-- Imprint: Springer,
Date of production, publication, distribution, manufacture, or copyright notice 2019.
300 ## - PHYSICAL DESCRIPTION
Extent 1 online resource (XXI, 817 pages 475 illustrations, 350 illustrations in color.)
336 ## - CONTENT TYPE
Content type term text
Content type code txt
Source rdacontent
337 ## - MEDIA TYPE
Media type term computer
Media type code c
Source rdamedia
338 ## - CARRIER TYPE
Carrier type term online resource
Carrier type code cr
Source rdacarrier
347 ## - DIGITAL FILE CHARACTERISTICS
File type text file
Encoding format PDF
Source rda
588 ## - SOURCE OF DESCRIPTION NOTE
Source of description note Description based on publisher-supplied MARC data.
650 #0 - SUBJECT ADDED ENTRY--TOPICAL TERM
Topical term or geographic name entry element Engineering
General subdivision Materials.
650 #0 - SUBJECT ADDED ENTRY--TOPICAL TERM
Topical term or geographic name entry element Materials science.
650 #0 - SUBJECT ADDED ENTRY--TOPICAL TERM
Topical term or geographic name entry element Metals.
650 14 - SUBJECT ADDED ENTRY--TOPICAL TERM
Topical term or geographic name entry element Characterization and Evaluation of Materials.
Authority record control number or standard number https://scigraph.springernature.com/ontologies/product-market-codes/Z17000
650 24 - SUBJECT ADDED ENTRY--TOPICAL TERM
Topical term or geographic name entry element Materials Engineering.
Authority record control number or standard number https://scigraph.springernature.com/ontologies/product-market-codes/T28000
650 24 - SUBJECT ADDED ENTRY--TOPICAL TERM
Topical term or geographic name entry element Metallic Materials.
Authority record control number or standard number https://scigraph.springernature.com/ontologies/product-market-codes/Z16000
700 1# - ADDED ENTRY--PERSONAL NAME
Personal name Downey, Jerome P,
Relator term editor.
700 1# - ADDED ENTRY--PERSONAL NAME
Personal name Gregurek, Dean,
Relator term editor.
700 1# - ADDED ENTRY--PERSONAL NAME
Personal name Hwang, Jiann-Yang,
Relator term editor.
700 1# - ADDED ENTRY--PERSONAL NAME
Personal name Jiang, Tao,
Relator term editor.
700 1# - ADDED ENTRY--PERSONAL NAME
Personal name Keskinkilic, Ender,
Relator term editor.
700 1# - ADDED ENTRY--PERSONAL NAME
Personal name Padilla, Rafael,
Relator term editor.
700 1# - ADDED ENTRY--PERSONAL NAME
Personal name Peng, Zhiwei,
Relator term editor.
700 1# - ADDED ENTRY--PERSONAL NAME
Personal name Yücel, Onuralp,
Relator term editor.
700 1# - ADDED ENTRY--PERSONAL NAME
Personal name Zhao, Baojun,
Relator term editor.
776 08 - ADDITIONAL PHYSICAL FORM ENTRY
Relationship information Print version:
Title 10th International Symposium on High-Temperature Metallurgical Processing.
International Standard Book Number 9783030059545
Record control number (DLC) 2018964681
776 08 - ADDITIONAL PHYSICAL FORM ENTRY
Relationship information Printed edition:
International Standard Book Number 9783030059545
776 08 - ADDITIONAL PHYSICAL FORM ENTRY
Relationship information Printed edition:
International Standard Book Number 9783030059569
830 #0 - SERIES ADDED ENTRY--UNIFORM TITLE
International Standard Serial Number 2367-1181
906 ## - LOCAL DATA ELEMENT F, LDF (RLIN)
a 0
b ibc
c origres
d u
e ncip
f 20
g y-gencatlg
942 ## - ADDED ENTRY ELEMENTS (KOHA)
Source of classification or shelving scheme
Koha item type Book
Suppress in OPAC PW

No items available.

Powered by Koha